Administración y dirección de proyectos : un enfoque integrado /
Guardado en:
| Autor Principal: | |
|---|---|
| Formato: | Libro |
| Idioma: | Spanish |
| Publicado: |
Santiago ; Buenos Aires :
McGraw-Hill,
c1996.
|
| Edición: | 2a. ed. |
| Materias: | |
| Etiquetas: |
Agregar Etiqueta
Sin Etiquetas, Sea el primero en etiquetar este registro!
|
| LEADER | 00691nam a22001935 4500 | ||
|---|---|---|---|
| 001 | EAD.ead003552 | ||
| 008 | 080718s1996####ag#######b####001#0#spa#d | ||
| 005 | 20140515132144.0 | ||
| 245 | 1 | 0 | |a Administración y dirección de proyectos : |b un enfoque integrado / |c Pedro Briceno L. |
| 250 | |a 2a. ed. | ||
| 260 | |a Santiago ; |a Buenos Aires : |b McGraw-Hill, |c c1996. | ||
| 300 | |a 247 p. ; |c 23 cm. | ||
| 504 | |a Incluye referencias bibiográficas e índice. | ||
| 020 | |a 9562780082 | ||
| 100 | 1 | |a Briceño L., Pedro. | |
| 082 | 0 | 4 | |a 658.1552 |2 21 |
| 650 | 7 | |a Preparación de proyectos. |2 unbist | |
| 650 | 7 | |a Dirección de proyectos. |2 unbist | |
| 859 | |a AR-BaBDC |b BIB. ADMINISTRACION - Libros |h 658.1552 |i B761 |p b04574 | ||
